Issues in construction of linguistic summaries

Na minha lista:
Detalhes bibliográficos
Autor principal: Hudec, Miroslav, 1969-
Formato: Capítulo de Livro
Idioma:inglês
Tags: Adicionar Tag
Sem tags, seja o primeiro a adicionar uma tag!

MARC

LEADER 00000naa$a2200000$$$4500
001 0180682
005 20240502073103.1
041 0 |a eng 
044 |a SK 
245 1 0 |a Issues in construction of linguistic summaries  |c Miroslav Hudec 
100 1 |a Hudec, Miroslav, 1969-